000 00206nam a22000857a 4500
008 170116b xxu||||| |||| 00| 0 eng d
100 _92445
_aSekhon.R.S.
245 _aFit for Life
260 _aNew Delhi
_bSET
_c2009
999 _c5497
_d5497